000 00515nam a2200193Ia 4500
001 30581
008 171031s1937 ii g b000 u 491 u
082 _a294.1452
100 _aSastri, Rampratap .
245 0 _aIshadyashtopanisad /
_cRampratap Sastri.
_hTextual Documents
250 _a1st ed /
260 _aMathura :
_bPrabhakar Mudralay ,
_c1937.
300 _a243p. ;
_c22cm.
653 _aReligion-Hindu
653 _aUpanisad
653 _aIshadyashtopanisad
653 _aG-Religion
942 _2ddc
_cBK
999 _c30563
_d30563